|
|
|
|
| LEADER |
00000cam a2200000 i 4500 |
| 001 |
1/57990 |
| 008 |
020205s2001 gr | ||| |||| | eng|| |
| 020 |
|
|
|a 9609164706
|
| 035 |
|
|
|l 10000253
|
| 040 |
|
|
|a GR-MyUA
|b gre
|e AACR2
|
| 041 |
0 |
|
|a eng
|
| 082 |
0 |
|
|a 520
|
| 110 |
2 |
|
|a Ελληνική Αστρονομική Εταιρεία.
|b Διεθνές Επιστημονικό Συνέδριο
|n (4ο :
|d 1999 :
|c Σάμος, Ελλάδα)
|
| 245 |
1 |
0 |
|a Proceedings of the 4th Astronomical Conference :
|b 16-18 September 1999, Samos, Greece /
|c organized by the Hellenic Astronomical Society (HEL.A.S.) under the aegis University of the Aegean (Dept. of Mathematics, Dept.of Geography, Dept. of Mediterranean Studies) ; edited by J. Seimenis.
|
| 260 |
|
|
|a Samos, Greece :
|b [s.n],
|c 2001.
|
| 300 |
|
|
|a 407 σ. :
|b εικ. ;
|c 30 εκ.
|
| 650 |
0 |
0 |
|a Astrophysics
|z Greece
|z Samos (Municipality)
|x Congresses.
|
| 700 |
1 |
|
|a Σεϊμένης, Ιωάννης Α.
|e edt
|
| 710 |
2 |
|
|a Ελληνική Αστρονομική Εταιρεία.
|
| 710 |
2 |
|
|a University of the Aegean
|b (Dept. of Mathematics, Dept. of Geography, Dept. of Mediterranean Studies)
|
| 852 |
|
|
|a INST
|b SAMOS
|e 20020205
|h 520 ΕΛΛ
|p 005300020375
|q 005300020375
|t BK
|y 0
|
| 852 |
|
|
|a INST
|b SAMOS
|e 20020205
|h 520 ΕΛΛ
|p 005300020376
|q 005300020376
|t BK
|y 0
|
| 901 |
|
|
|a BIBL3-2002-1
|
| 970 |
|
|
|a ΚΟΣΙΕΡΗΣ
|b ΧΡΗΣΤΟΣ
|z 2002/02/05
|